|
|
|
|
| LEADER |
00000nab a2200000 a 4500 |
| 001 |
vtls000553270 |
| 003 |
SK-MaSNL |
| 005 |
20260304093438.0 |
| 008 |
250425c1995 xo 0 slo |
| 015 |
|
|
|a SNBRB19rr/mm-uuuuu
|
| 035 |
|
|
|a CL0553408
|
| 035 |
|
|
|a urn:nbn:sk:snk-abbp8b
|
| 035 |
|
|
|a (urnnbn)urn:nbn:sk:snk:ar-008jha
|
| 035 |
|
|
|a (uuid)53620d45-618e-46e4-a02e-5a9afd731dba
|
| 040 |
|
|
|a SNKBUCL
|b slo
|c SNKBUCL
|e AACR2
|
| 041 |
0 |
|
|a slo
|
| 044 |
|
|
|a xo
|c SK
|
| 080 |
|
|
|a 632.95(437.6)
|2 1981
|
| 080 |
|
|
|a 632.937(437.6)
|2 1981
|
| 245 |
0 |
0 |
|a Zoznam povolených prípravkov na ochranu rastlín a prípravkov DDD. 2. doplnok - 1. časť (okrem herbicídov) ; Sprac. Štefan Dolinay
|
| 650 |
0 |
7 |
|a prípravky na ochranu rastlín
|2 snkbucl
|9 370423
|
| 650 |
0 |
7 |
|a prípravky dezinsekčné
|2 snkbucl
|9 1229650
|
| 655 |
|
7 |
|a články z novín a časopisov
|2 snkbucl
|9 267496
|
| 700 |
1 |
|
|a Dolinay, Štefan
|4 oth
|9 11594
|
| 773 |
0 |
|
|t Agrochémia
|g Roč. 35, č. 3-4 (1995)
|g S. 1-12
|x 0002-1830
|x 0002-1830
|
| 773 |
0 |
|
|t [Príl.] Zoznam povolených prípravkov na ochranu rastlín a prípravkov DDD. 2. doplnok - 1. časť (okrem herbicídov)
|g Roč. 35, č. 3-4 (1995)
|g S. 1-12
|x 0002-1830
|x 0002-1830
|
| 850 |
|
|
|a Slovenská národná knižnica
|
| 852 |
|
|
|a Slovenská národná knižnica
|
| 954 |
|
|
|a odborná, vedecká literatúra pôvodná (slovenská)
|2 lita
|
| 958 |
|
|
|a article15
|
| 958 |
|
|
|a OND
|
| 958 |
|
|
|a RK
|
| 958 |
|
|
|a SK
|
| 958 |
|
|
|a EUIPO
|
| 992 |
|
|
|a RBX
|
| 999 |
|
|
|c 2823173
|d 2825103
|